000 00392nam a22001577a 4500
999 _c11450
_d11450
003 OSt
008 220716b ||||| |||| 00| 0 eng d
020 _a9780853697619
082 _a615.321 MAD
100 _aMASON,Pamela
245 _aDietary Supplements Pocket Companion
260 _aHyderabad
_bPharmaMed Press
_c2009
300 _a278
650 _aPharmacy Practice
942 _2ddc
_cREF